Guide to the geology of Middletown, Connecticut, and vicinity, (Record no. 26622)

MARC details
000 -LEADER
fixed length control field 00855cam a22002291 4500
001 - CONTROL NUMBER
control field gs 28000088
003 - CONTROL NUMBER IDENTIFIER
control field DLC
005 - DATE AND TIME OF LATEST TRANSACTION
control field 20260227111332.0
008 - FIXED-LENGTH DATA ELEMENTS--GENERAL INFORMATION
fixed length control field 750903s1927 xx s000 0 eng
010 ## - LIBRARY OF CONGRESS CONTROL NUMBER
LC control number gs 28000088
035 ## - SYSTEM CONTROL NUMBER
System control number (OCoLC)1595124
040 ## - CATALOGING SOURCE
Original cataloging agency DLC
Transcribing agency CtHT
Modifying agency DLC
042 ## - AUTHENTICATION CODE
Authentication code premarc
050 00 - LIBRARY OF CONGRESS CALL NUMBER
Classification number QE94.M5
Item number R5
100 1# - MAIN ENTRY--PERSONAL NAME
Personal name Rice, William North,
Dates associated with a name 1845-1928.
245 10 - TITLE STATEMENT
Title Guide to the geology of Middletown, Connecticut, and vicinity,
Statement of responsibility, etc. by William North Rice and Wilbur Garland Foye.
260 ## - PUBLICATION, DISTRIBUTION, ETC.
Place of publication, distribution, etc. Hartford,
Name of publisher, distributor, etc. Printed by the State Geological and Natural History Survey,
Date of publication, distribution, etc. 1927.
300 ## - PHYSICAL DESCRIPTION
Extent 137 p. incl. illus., diagrs.
Other physical details III pl. on 2 l.
Dimensions 23 cm.
410 20 - SERIES STATEMENT/ADDED ENTRY--CORPORATE NAME [OBSOLETE, CAN/MARC], [LOCAL, USA]
Corporate name or jurisdiction name as entry element State Geological and Natural History Survey of Connecticut.
Title of a work Bulletin
Volume number/sequential designation no. 41
650 #0 - SUBJECT ADDED ENTRY--TOPICAL TERM
Topical term or geographic name entry element Geology
Geographic subdivision Connecticut
-- Middletown.
700 1# - ADDED ENTRY--PERSONAL NAME
Personal name Foye, Wilbur Garland,
Dates associated with a name 1886-1935.

No items available.

Powered by Koha